[Event "Martorell op-A"]
[Site "Martorell"]
[Date "1997.??.??"]
[Round "3"]
[White "Llacuna Roca, Josep"]
[Black "Gisbert Olive, M."]
[Result "1/2-1/2"]
[WhiteElo "2005"]
[BlackElo "2020"]
[PlyCount "55"]
[EventDate "1997.09.??"]
[EventType "swiss"]
[EventRounds "9"]
[EventCountry "ESP"]
[SourceTitle "EXT 2003"]
[Source "ChessBase"]
[SourceDate "2002.11.25"]
[SourceVersion "1"]
[SourceVersionDate "2002.11.25"]
[SourceQuality "1"]

1. e4 c5 2. Nc3 e6 3. Bc4 a6 4. a3 Nc6 5. d3 d6 6. Nge2 Be7 7. h3 Nf6 8. Bg5 b6 9. 0-0 Bb7 10. f4 b5 11. Bb3 0-0 12. f5 exf5 13. Rxf5 Na5 14. Ba2 Bc8 15. Rf3 Be6 16. Bxf6 Bxf6 17. Qf1 Nc6 18. Bd5 Bxd5 19. Nxd5 Bxb2 20. Ra2 Be5 21. c3 g6 22. Rd2 Qh4 23. Nf6+ Bxf6 24. Rxf6 Rad8 25. c4 Ne5 26. d4 Nxc4 27. Rd3 Qxe4 28. Rff3 1/2-1/2